Oheň proti ohni (1943-1945)

Bibliographic Details
Main Author: Mucha, Jiří, 1915-1991 (Author)
Format: Book
Language:Czech
PhysicalDescription:392 s., [56] s. obr. příl. fotogr., ilustr., mapy 24 cm
Published: Praha Sfinx, Bohumil Janda 1947
Edition:1. vydanie
Series:Kořeny doby
Nové cíle
Subjects:

MARC

LEADER 00000cam a2200000 a 4500
001 vtls008494142
003 SK-MaSNL
005 20260301165315.0
008 201207s1947 xr abo g 000 0 cze
015 |a SNBA1947 
035 |a SAVUKc070525 
035 |a urn:nbn:sk:snk-am3ib4q 
035 |a urn:nbn:sk:snk-am00dpyz 
035 |a F4E0A925-9F8D-4097-8F50-A703DF223A04 
040 |a SNK  |b slo  |c SNK  |e AACR2 
041 1 |a cze 
044 |a xr  |c CZ 
080 |a 821.162.3  |2 2011 
080 |a 355-051  |2 2011 
080 |a 94(100)"1939/1945"  |2 2001 
080 |a (092)  |2 2011 
100 1 |a Mucha, Jiří,  |d 1915-1991  |4 aut  |9 533856 
245 1 0 |a Oheň proti ohni (1943-1945)  |c Jiří Mucha 
250 |a 1. vydanie 
260 |a Praha  |b Sfinx, Bohumil Janda  |c 1947 
300 |a 392 s., [56] s. obr. příl.  |b fotogr., ilustr., mapy  |c 24 cm 
490 1 |a Kořeny doby  |v svazek 7 
490 1 |a Nové cíle  |v svazek 995 
650 0 7 |a vojaci  |2 SNKPH  |9 20587 
650 0 7 |a druhá svetová vojna (1939-1945)  |2 SNKPH  |9 169657 
650 0 7 |a česká literatúra  |2 SNKPH  |9 1178 
655 7 |a biografie  |2 SNKPH  |9 27965 
830 0 |a Kořeny doby  |9 435331 
830 0 |a Nové cíle  |9 435332 
958 |a CZ 
999 |c 823794  |d 825724 
952 |a SNK  |b SNK  |y PREZ  |7 0  |p 17A0721238  |o snkSC 3650/7  |i snk3070/47  |0 0  |1 0  |4 0  |d 2018-10-04  |f 1  |l 0  |r 2025-06-25 00:00:00  |w 2026-02-24